| 000 | 00366nam a2200109Ia 4500 | ||
|---|---|---|---|
| 008 | 171204s9999 xx 000 0 und d | ||
| 245 | _aElements of Programming Interviews in Java: The Insiders' Guide: | ||
| 245 | _cAdnan Aziz, Amit Prakash, and Tsung-Hsien Lee | ||
| 260 | _c2015 | ||
| 650 | _xProgramming 1-2 | ||
| 856 | _uhttp://down.ebook777.com/060/1517435803.pdf | ||
| 999 |
_c345957 _d345957 |
||